000 00821nam1a22002411 4500
001 RU\NLR\INFOCOMM15\ROSSICA\1000122065
005 20240726070638.0
035 _a(NLR Aleph) 009961563
090 _a9603880
_c9603880
100 _a20040515g17961798|||y0rusy50 ba
101 0 _aita
102 _aRU
105 _ay ||||000ay
200 1 _aGiornale musicale del Teatro italiano di S.Pietroburgo, o scelta d'arie, duetti, terzetti ouverture etc. delle Opere buffe, rappresentati sul Teatro Imperiale di St.Pietroburgo, nell' Anno 1796, e segnenti, dati in luce da B.T.Breitkopf
210 _aPietroburgo
_d1796-1798
215 _dfol.
600 1 _aBreitkopf
_bB.T.
_2PSBO
801 1 _aRU
_bInfoComm
_c20040515
801 0 _aRU
_bNLR
_gPSBO
852 _aNLR
_j13.18.1.62
942 _cBOOK
980 _aRossica